000 00443pab a2200181 454500
008 180718b2001 xxu||||| |||| 00| 0 eng d
100 _aKannalyan,S.
245 _aAccountability in agricultural education
260 _c2001
300 _a307-17
362 _aJul-Sep
650 _aAccountability
650 _aAgricultural education
700 _aShanmugam, T.R.
700 _aRamasamy, C.
773 _aProductivity
909 _a51359
999 _c51359
_d51359